00626nam a2200181 i 450000100060000000300090000600700030001500800410001810000270005924500710008626000430015730000180020050500380021874000230025685200240027999900170030395201240032023615ES-MaACLt|021211s1936 fr ||||1| fre d1 aAncel, Jacques.92139410aManuel géographique de politique européenne / cJacques Ancel. aParis : bLibrairie Delagrave, c1936. av. ; c25 cm.8 aContiene: V. I. L'Europe centrale2 aL'Europe centrale. aES-MaACLjP-755-bis c23615d23615 00104070aATENEOMbATENEOMcDEPO2d2008-01-17eSCl0oP-755-bisp1024334r2023-02-23 00:00:00w2023-02-23yMONOGRAFIA